Library Banner

Fiqh hul jihad(Arabic)/ (Record no. 100915)

MARC details
000 -LEADER
fixed length control field 00420nam a22001577a 4500
005 - DATE AND TIME OF LATEST TRANSACTION
control field 20171221092543.0
008 - FIXED-LENGTH DATA ELEMENTS--GENERAL INFORMATION
fixed length control field 171221b xxu||||| |||| 00| 0 eng d
020 ## - INTERNATIONAL STANDARD BOOK NUMBER
International Standard Book Number 9772252465
040 ## - CATALOGING SOURCE
Transcribing agency PK-LaUMT
082 ## - DEWEY DECIMAL CLASSIFICATION NUMBER
Classification number PKAC 297.72
Item number YUS-F
100 ## - MAIN ENTRY--PERSONAL NAME
Personal name Yusuf Al-Qarzawi
245 ## - TITLE STATEMENT
Title Fiqh hul jihad(Arabic)/
Statement of responsibility, etc Yusuf Al-Qarzawi
260 ## - PUBLICATION, DISTRIBUTION, ETC. (IMPRINT)
Place of publication, distribution, etc القاھرہ:
Name of publisher, distributor, etc مکتبۃ وھبہ،
Date of publication, distribution, etc 2009
300 ## - PHYSICAL DESCRIPTION
Extent 775 ص
942 ## - ADDED ENTRY ELEMENTS (KOHA)
Koha item type Books
Holdings
Withdrawn status Lost status Damaged status Home library Current library Date acquired Full call number Barcode Date last seen Copy number Price effective from Koha item type
      UMT Main Campus UMT Main Campus 2017-12-21 PKAC 297.72 YUS-F 116704 2017-12-21 V-1 2017-12-21 Books
      UMT Main Campus UMT Main Campus 2017-12-21 PKAC 297.72 YUS-F 116705 2017-12-21 V-2 2017-12-21 Books